00417nam a22001217a 450000500170000000800410001702000180005804000130007608200160008924501240010526000550022930000110028420181227114848.0181227b ||||| |||| 00| 0 eng d a9788461654413 cPK-LaUMT a711.4bNEW- aNew nature :bintermodal station in logrono /cedited by Inma E. Maluenda and Enrique Encabo; photographs by Jose Hevia aMadrid :bQ! estodio, comunicacion y medios,c2013 a119 p.